Metzler Kunsthistoriker Lexikon zweihundert Porträts deutschsprachiger Autoren aus vier Jahrhunderten

Bibliographic Details
Main Author: Betthausen, Peter (Author)
Format: Book
Language:German
PhysicalDescription:xvii, 523 s. 24 cm
Published: Stuttgart [etc.] J.B. Metzler 1999
ISBN:3476015351
Subjects:

MARC

LEADER 00000nam a2200000 a 4500
001 vtls001374647
003 SK-MaSNL
005 20260301011134.0
008 251124s1999 DE f rd d 0 ger
020 |a 3476015351  |c [2240,00] 
035 |a SNK000328535 
040 |a SNK  |b slo  |c SNK  |e AACR2 
044 |a DE 
080 |a 7(03)=30  |2 1981 
080 |a 7=30  |2 1981 
080 |a 03  |2 1981 
245 1 |a Metzler Kunsthistoriker Lexikon  |b zweihundert Porträts deutschsprachiger Autoren aus vier Jahrhunderten  |c von Peter Betthausen ... [et al.] 
260 |a Stuttgart [etc.]  |b J.B. Metzler  |c 1999 
300 |a xvii, 523 s.  |c 24 cm 
650 0 7 |a umenie  |x lexikóny nemecké  |2 SNK  |9 294055 
650 0 7 |a lexikóny umelecké nemecké  |2 SNK  |9 294056 
700 1 |a Betthausen, Peter  |4 aut  |9 286463 
919 |a 3-476-01535-1 
999 |c 550075  |d 552005 
952 |t P60, <04>, [BOOK], {604}  |a SNK  |b SNK  |y VYP  |7 0  |p 17A0214470  |o snkIC 128136  |i snkV 1455/99  |0 0  |1 0  |4 0  |d 1999-10-22  |l 0  |r 2005-01-02 00:00:00  |w 2026-02-23